000 00498nam a22001697a 4500
005 20251108171840.0
008 250721s1996 xx 000 0 ara d
082 1 4 _a618.1/جبا
100 1 _aالجبالي، إسحاق
245 1 0 _aحمل بلا متاعب و ولادة بدون ألم /
264 1 _aعمان :
_bدار الإسراء للنشر و التوزيع،
_c1996.
300 _a97ص
650 1 7 _aالحمل
650 1 7 _aالولادة
942 _2ddc
_cBK
999 _c64182
_d64182